logo

Bir Sreshtho Munshi Abdur Rouf Library
Jhenaidah Cadet College

Advanced Mathematics For Engineers / (Record no. 6479)

MARC details
000 -LEADER
fixed length control field 00574nam a22002177a 4500
003 - CONTROL NUMBER IDENTIFIER
JCCL marc code BD-JhCC
005 - DATE AND TIME OF LATEST TRANSACTION
control field 20180127104213.0
008 - FIXED-LENGTH DATA ELEMENTS--GENERAL INFORMATION
fixed length control field 180123s1971 ru a|||| |||| 00| 0 eng d
035 ## - SYSTEM CONTROL NUMBER
system control number (BD-JhCC)
040 ## - CATALOGING SOURCE
Original cataloging agency BD-JhCC
Modifying agency BD-JhCC
041 ## - LANGUAGE CODE
Language code of Book eng
082 ## - DEWEY DECIMAL CLASSIFICATION NUMBER
Classification number 515
Author mark and Year VOL 1971
100 ## - MAIN ENTRY--PERSONAL NAME
Personal name Volosova, V. M.
245 ## - TITLE STATEMENT
Title Advanced Mathematics For Engineers /
Statement of responsibility, etc V. M. Volosova and I. G. Volosova
300 ## - PHYSICAL DESCRIPTION
Pagination 793 p. :
Other physical details ill.;
Dimensions 23 cm.
500 ## - GENERAL NOTE
General note Includes Index
650 ## - SUBJECT ADDED ENTRY--TOPICAL TERM
Topical term or geographic name as entry element Engineering Mathematics
700 ## - ADDED ENTRY--PERSONAL NAME
Personal name Volosov, I. G.
942 ## - ADDED ENTRY ELEMENTS (KOHA)
Source of classification or shelving scheme Dewey Decimal Classification
Koha item type Books
Holdings
Source of classification or shelving scheme Damaged status Not for loan Home library Current library Shelving location Date of accession Total Checkouts Full call number Barcode Date last seen Copy number Koha item type
Dewey Decimal Classification     JCC Rouf Library JCC Rouf Library General Stacks 01/23/2018   515 VOL 1971 8689 01/23/2018 C-1 Books

JCC Library | Contacts | JCC Home

Last Update on 23 September 2017
Copyright @ 2017-2020 JCC Rouf Library
Rouf Library, Jhenidah Cadet College (JCC), Bangladesh